One piece - Lettre P - Statistiques

Statistiques générales
  • Ce quiz a été pris 84 fois
  • Le résultat moyen est 18 sur 25
Statistiques - réponses
Indice Réponse % Correct
Mink de Zou, se sacrifiant pour laisser partir l'équipage de Luffy Pédro
95%
Cyborgs de Vegapunk ayant le corp de Kuma, et les armes de Kizaru Pacifista
92%
Femme gothique étant surnommé “Princesse fantôme” Perona
92%
Arme antique dont les plans ont été brulé par Franky Pluton
92%
C'est l'âge d'or de cette profession Pirate
91%
Pierres antiques gravées, clés de l’histoire perdue Ponéglyphe
91%
Île scientifique théâtre d'un affrontement entre Aokiji et Akainu pendant 10 jours Punk Hazard
91%
Faucon qui a sauvé Alabasta d'un explosion Pell
89%
Créature mythique en laquelle se transforme Marco Phénix
86%
Fille de Big Mom manipulatrice, mais détruit par les autres Pudding
84%
Endroits où Luffy s'échappe deux fois dans l'histoire de One Piece, notamment à Wano Prison
83%
Nom de famille de Naissance de Rouge, la femme de Gol D. Roger Portgas D.
81%
Arme antique représenté en la personne de Shirahoshi Poséidon
80%
Nom du soleil de Big Mom Prométhée
80%
Tobirropo ayant pour pouvoir de se transformer en Spinosaure Page One
73%
Nom de code que prend Sanji pour parler à Crocodile sur Litlle Garden. Mr... Prince
72%
Lieutenant de la Don Quichotte Family étant dans la division d'intervention Pica
70%
Etoile de mer créateur de mode reconnu mondialement Pappag
69%
Concept crée par la marine qui décrit assez bien la puissance de son possesseur Prime
59%
Oiseau rose ayant mangé le fruit du Canidé, fidèle compagnon de Gan Forr sur Skypiea Pierre
55%
Créature antique en laquelle se transforme King Ptéranodon
52%
Père de Chiffon & Lola, trahis par Big Mom Pound
48%
Cuisinier du Baratie au tempérament explosif Patty
47%
Nom du sous marin de Trafalgar D. Water Law et de son équipage Polar Tang
34%
Royaume dirigé par Elizabello II Prodence
31%
Aucun quiz correspondant
Distribution des résultats
% des personnes avec chaque résultat
Percentile par nombre de réponses
Votre historique - résultats
Vous n’avez pas pris ce quiz